00000000nam##2200000za#4500
0019.571028
003CaOODSP
00520210624182526
007cr |||||||||||
008150406|2003||||xxc|||||o    f|0| 0 eng|d
040 |aCaOODSP|beng
043 |an-cn---
0861 |aYC33-0/372-17E-PDF
1101 |aCanada. |bParliament. |bSenate. |bStanding Committee on National Security and Defence.
24510|aCanada's coastlines : |h[electronic resource]|bthe longest under-defended borders in the world / |cThe Honourable Colin Kenny, chair ; the Honourable J. Michael Forrestall, deputy chair.
260 |aOttawa - Ontario : |bSenate. |cOctober 2003.
300 |a183p., 173p.|btables, index
4901 |aReport of the Standing Senate Committee on National Security and Defence|v37th Parliament, 2nd Session, [17th report]
500 |aContents: Vol. 1 -- Vol. 2.
590 |a11-12-Supp|b2011-07-29
77508|tLes côtes du Canada : |w(CaOODSP)9.601671
830#0|aReport of the Standing Senate Committee on National Security and Defence ;|v37th Parliament, 2nd Session, [17th report]|w(CaOODSP)9.505249
85640|ahttp://publications.gc.ca|qPDF|s573 KB|uhttps://publications.gc.ca/collections/collection_2011/sen/yc33-0/YC33-0-372-17-1-eng.pdf
85640|ahttp://publications.gc.ca|qPDF|s640 KB|uhttps://publications.gc.ca/collections/collection_2011/sen/yc33-0/YC33-0-372-17-2-eng.pdf|y37th Parliament, 2nd Session, [17th report]